| 000 | 01250nam a2200325Ia 4500 | ||
|---|---|---|---|
| 001 | ebr10567044 | ||
| 003 | CaPaEBR | ||
| 006 | m u | ||
| 007 | cr cn||||||||| | ||
| 008 | 980914s1998 enk sb 001 0 eng d | ||
| 020 | _z0761951059 | ||
| 020 | _z9780761951056 | ||
| 020 | _z9781446264317 | ||
| 040 |
_aCaPaEBR _cCaPaEBR |
||
| 035 | _a(OCoLC)649855285 | ||
| 050 | 1 | 4 |
_aRC465.5 _b.T55 1998eb |
| 100 | 1 | _aThistle, Roger. | |
| 245 | 1 | 0 |
_aCounselling and psychotherapy in private practice _h[electronic resource] / _cRoger Thistle. |
| 260 |
_aLondon ; _aThousand Oaks : _bSage Publications, _c1998. |
||
| 300 | _a135 p. | ||
| 490 | 1 | _aProfessional skills for counsellors | |
| 504 | _aIncludes bibliographical references and index. | ||
| 533 |
_aElectronic reproduction. _bPalo Alto, Calif. : _cebrary, _d2013. _nAvailable via World Wide Web. _nAccess may be limited to ebrary affiliated libraries. |
||
| 650 | 0 |
_aPsychiatry _xPractice. |
|
| 650 | 0 |
_aPsychotherapy _xPractice. |
|
| 655 | 7 |
_aElectronic books. _2local |
|
| 710 | 2 | _aebrary, Inc. | |
| 830 | 0 | _aProfessional skills for counsellors. | |
| 856 | 4 | 0 |
_uhttp://site.ebrary.com/lib/rucke/Doc?id=10567044 _zAn electronic book accessible through the World Wide Web; click to view |
| 999 |
_c93171 _d93171 |
||